El valor social del Evangelio
Αποθηκεύτηκε σε:
| Κύριος συγγραφέας: | |
|---|---|
| Μορφή: | Βιβλίο |
| Γλώσσα: | Ισπανικά |
| Έκδοση: |
Madrid
Saturnino Calleja Fernández
1924
|
| Έκδοση: | 1a. ed |
| Σειρά: | Ciencia y Acción Estudios Sociales
|
| Θέματα: | |
| Ετικέτες: |
Προσθήκη ετικέτας
Δεν υπάρχουν, Καταχωρήστε ετικέτα πρώτοι!
|
MARC
| LEADER | 00000cam a2200000 a 4500 | ||
|---|---|---|---|
| 001 | UCE5864 | ||
| 003 | CL-VaPUC | ||
| 008 | 150312e19240000sp |||||||||||||||||spa|d | ||
| 082 | 0 | 4 | |a 215.7 |b GAR |2 21 |
| 100 | |a Garriguet, Louis |e author |9 578531 | ||
| 245 | 1 | 3 | |a El valor social del Evangelio |
| 250 | |a 1a. ed | ||
| 300 | |a 256 p | ||
| 942 | |c BK | ||
| 945 | |d 20150312 12:37:00 |a dcastane | ||
| 260 | |a Madrid |b Saturnino Calleja Fernández |c 1924 | ||
| 650 | 0 | |a Sociología cristiana |9 257898 | |
| 650 | 7 | |a IGLESIA Y SOCIEDAD |2 CL-VaPUC |9 399674 | |
| 583 | |a last modification |c 20150312 12:37:00 |k Rodrigo Vera | ||
| 490 | 0 | |a Ciencia y Acción Estudios Sociales | |
| 999 | |c 358425 |d 358423 | ||
| 952 | |0 0 |1 0 |3 erd |4 0 |6 215_700000000000000_GAR_1924 |7 0 |8 P |9 467117 |a BIBTEO |b BIBTES |c TEO_FTES |i 5152097 |o 215.7 GAR 1924 |p 5152097 |r 2024-01-18 |w 2019-11-23 |y BK |z Catalogado en:20150312 |k ICR | ||
| 952 | |0 0 |1 0 |3 erd |4 0 |6 215_700000000000000_GAR_1924 |7 0 |8 P |9 467118 |a BIBTEO |b BIBTES |c TEO_FTES |i 5276446 |o 215.7 GAR 1924 |p 5276446 |r 2024-01-18 |w 2019-11-23 |y BK |z Catalogado en:20160121 |k ICR | ||